Billie Eilish HMHAS - Sudden Death - Statistics

General Stats
  • This quiz has been taken 72 times
  • The average score is 9 of 10
Answers on the Grid
Answers color-coded by a green-red scale on the quiz's grid according to % correct below.
you should see me in a crown
COPYCAT
8
WILDFLOWER
Lost Cause
bury a friend
LUNCH
party favor
BIRDS OF A FEATHER
my strange addiction
NDA
CHIHIRO
Billie Bossa Nova
SKINNY
ocean eyes
BLUE
my future
hostage
THE DINER
my boy
Halley's Comet
GOLDWING
idontwannabeyouanymore
BITTERSUITE
all the good girls go to hell
ilomilo
L'AMOUR DE MA VIE
Male Fantasy
listen before i go
THE GREATEST
 
Answer Stats
Answer % Correct
WILDFLOWER
98%
LUNCH
97%
THE DINER
95%
BIRDS OF A FEATHER
90%
BLUE
88%
CHIHIRO
88%
SKINNY
87%
L'AMOUR DE MA VIE
82%
THE GREATEST
82%
BITTERSUITE
80%
No matching quizzes found
Score Distribution
Percent of People with Each Score
Percentile by Number Answered
Your Score History
You have not taken this quiz